Kuala Lumpur : (Record no. 29368)
[ view plain ]
| 000 -LEADER | |
|---|---|
| fixed length control field | 00782nam a2200265 i 4500 |
| 001 - CONTROL NUMBER | |
| control field | C2-0114619 |
| 003 - CONTROL NUMBER IDENTIFIER | |
| control field | PPAK |
| 005 - DATE AND TIME OF LATEST TRANSACTION | |
| control field | 20180727104806.0 |
| 008 - FIXED-LENGTH DATA ELEMENTS--GENERAL INFORMATION | |
| fixed length control field | 970709s1991 my |||| ||||| | may d |
| 020 ## - INTERNATIONAL STANDARD BOOK NUMBER | |
| International Standard Book Number | 9836219404 |
| 040 ## - CATALOGING SOURCE | |
| Original cataloging agency | PPAK |
| Language of cataloging | eng |
| Transcribing agency | PPAK |
| Description conventions | rda |
| 082 04 - DEWEY DECIMAL CLASSIFICATION NUMBER | |
| Classification number | 899.23 |
| Edition number | 23 |
| 090 00 - LOCALLY ASSIGNED LC-TYPE CALL NUMBER (OCLC); LOCAL CALL NUMBER (RLIN) | |
| Classification number (OCLC) (R) ; Classification number, CALL (RLIN) (NR) | 899.23 |
| Feature heading | KUA |
| Feature heading | G |
| Classification number (OCLC) (R) ; Classification number, CALL (RLIN) (NR) | 899.23 |
| Feature heading | KUA |
| Feature heading | KAM |
| Classification number (OCLC) (R) ; Classification number, CALL (RLIN) (NR) | 899.23 |
| Feature heading | KUA |
| Feature heading | KIH |
| Classification number (OCLC) (R) ; Classification number, CALL (RLIN) (NR) | 899.23 |
| Feature heading | KUA |
| Feature heading | KK |
| 245 00 - TITLE STATEMENT | |
| Title | Kuala Lumpur : |
| Remainder of title | hadiah puisi cerpen DBKL-DBP |
| 264 #1 - PRODUCTION, PUBLICATION, DISTRIBUTION, MANUFACTURE, AND COPYRIGHT NOTICE | |
| Place of production, publication, distribution, manufacture | Kuala Lumpur : |
| Name of producer, publisher, distributor, manufacturer | Dewan Bahasa dan Pustaka , |
| Date of production, publication, distribution, manufacture, or copyright notice | 1991 |
| 300 ## - PHYSICAL DESCRIPTION | |
| Extent | xiii, 257 pages ; |
| Dimensions | 21 cm |
| 336 ## - CONTENT TYPE | |
| Source | rdacontent |
| Content type term | text |
| 337 ## - MEDIA TYPE | |
| Source | rdamedia |
| Media type term | unmediated |
| 338 ## - CARRIER TYPE | |
| Source | rdacarrier |
| Carrier type term | volume |
| 650 10 - SUBJECT ADDED ENTRY--TOPICAL TERM | |
| Topical term or geographic name entry element | Short stories, Malay ; Malay poetry - 20th century - Malaysian authors |
| 942 ## - ADDED ENTRY ELEMENTS (KOHA) | |
| -- | dc |
| Koha item type | Book |
| Withdrawn | Not for loan | Current library | Shelving location | Date acquired | Total Checkouts | Full call number | Barcode | Date last seen | Date last checked out | Koha item type |
|---|---|---|---|---|---|---|---|---|---|---|
| Perpustakaan Alor Setar | Pinjaman Dewasa | 09/07/1997 | 2 | 899.23 KUA | A00024301 | 06/04/2026 | 17/03/2026 | Book | ||
| Not For Loan | Perpustakaan Alor Setar | Koleksi Kedah | 20/07/1998 | KK 899.23 KUA | A00151775 | 08/05/2018 | Book | |||
| Not For Loan | Perpustakaan Alor Setar | Koleksi Kedah | 20/07/1998 | KK 899.23 KUA | A00151774 | 08/05/2018 | Book | |||
| Not For Loan | Perpustakaan Alor Setar | Koleksi Ismail Hussein | 08/08/1998 | KIH 899.23 KUA | A00175663 | 08/05/2018 | Book | |||
| Perpustakaan Alor Setar | Pinjaman Dewasa | 24/01/2006 | 899.23 KUA | A00038835 | 08/05/2018 | Book | ||||
| Perpustakaan Awam Sungai Petani | Pinjaman Dewasa | 14/02/2004 | 1 | 899.23 KUA | A00419829 | 11/05/2024 | 20/02/2023 | Book | ||
| Not For Loan | Perpustakaan Baling | Koleksi Ismail Hussein | 08/08/1998 | KIH 899.23 KUA | A00175664 | 08/05/2018 | Book | |||
| Perpustakaan Jitra | Pinjaman Dewasa | 19/02/2004 | 899.23 KUA | A00844091 | 08/05/2018 | Book | ||||
| Not For Loan | Perpustakaan Kulim | Koleksi Ahmad Mokhtar | 18/09/2001 | KAM 899.23 KUA | A00860051 | 08/05/2018 | Book | |||
| Perpustakaan Kulim | Pinjaman Dewasa | 25/09/2003 | 899.23 KUA | A00339017 | 08/05/2018 | Book | ||||
| Perpustakaan Langkawi | Pinjaman Dewasa | 14/07/2005 | 899.23 KUA | A00352544 | 08/05/2018 | Book | ||||
| PD34, Kg. Pantai Prai | Pinjaman Dewasa | 03/07/1997 | 899.23 KUA | A00043508 | 08/05/2018 | Book |